00516nam a2200169 a 450000100100000000500170001000800410002702000180006804000250008610000390011124500380015026000360018830000280022450000450025250400300029770000190032700004543520201002052241.0150324s2011 dr a 000 0 spa d a9789945164367 aDO-SdBNPbspacBNPHU1 aCharles, Adamsq(C. G. A. Charles)10aLara. /cC. G. A., Lara Williams. aSanto Domingo :bBúho,c2011. a424 p. :bil. ;c23 cm. aIncluye datos biograficos de los autores aBibliografía p: 415-4211 aWilliams, Lara